000 00638nam a2200241Ia 4500
003 OSt
005 20220918225728.0
006 a|||||r|||| 00| 0
007 ta
008 220917b |||||||| |||| 00| 0 eng d
024 _a244,909
037 _cTextual
040 _aARTS
_cARTS
_beng
041 _2eng
_aeng
082 _aY171:1:6:5:B3, K8
100 _aChilde V. Gordon
_996818
245 0 _aDawn of European civilization
260 _aLondon
_bRputledge UK
_c1968
300 _a368p.
_ccm.
650 _aSOCIOLOGY
942 _hY171:1:6:5:B3, K8
_cTEXL
_2CC
999 _c285827
_d285827